| 000 | 00477nam a22001697a 4500 | ||
|---|---|---|---|
| 003 | OSt | ||
| 005 | 20250310130232.0 | ||
| 008 | 250310b |||||||| |||| 00| 0 eng d | ||
| 020 | _a9789386858948 | ||
| 040 | _cIIMT University | ||
| 100 | _aMenezes, Bernard L.and Kumar, Ravinder | ||
| 245 | _aCryptography, Network Security and Cyber Laws | ||
| 250 | _a05th ed. | ||
| 260 |
_aNew Delhi _bCengage Learning India Pvt. Ltd. _c2024 |
||
| 300 | _a488 | ||
| 942 |
_2ddc _c02 _e05th ed. |
||
| 999 |
_c65318 _d65318 |
||